000 00464nam a2200157 a 4500
005 20140310183442.0
008 080704s19uu xx 00 eng d
050 _aRD 71
_b.G946 1993
245 _aGuidelines for infection control in the operating room. /
260 _aPhilippines :
_bCore Group,
_c1993.
300 _a16 p. :
_c26 cm.
521 _aNUR
650 _aSurgical Procedures Operative
_xMethods
_xOutlines
942 _cBK
_2lcc
_kLOC
999 _c23148
_d23148